Lingüística fundamental: introducción a los autores
Uloženo v:
| Hlavní autor: | |
|---|---|
| Médium: | Kniha |
| Jazyk: | španělština |
| Vydáno: |
Madrid
Akal
1983
|
| Edice: | Akal Universitaria. Serie: Letras
|
| Témata: | |
| Tagy: |
Přidat tag
Žádné tagy, Buďte první, kdo vytvoří štítek k tomuto záznamu!
|
MARC
| LEADER | 00000nam a2200000 a 4500 | ||
|---|---|---|---|
| 001 | UCQ6017 | ||
| 003 | CL-VaPUC | ||
| 008 | 981009e19830000SP |||||||||||||||||spa|d | ||
| 082 | 0 | 4 | |a 410 |b ALV |2 21 |
| 100 | 0 | |a Alvarez, Juan Manuel |e author |9 419960 | |
| 245 | 1 | 0 | |a Lingüística fundamental: introducción a los autores |
| 300 | |a 108 p | ||
| 942 | |c BK | ||
| 945 | |d 19981009 00:00:00 |a cmena | ||
| 260 | |a Madrid |b Akal |c 1983 | ||
| 650 | 7 | |a TEORIA LINGUISTICA |2 CL-VaPUC |9 334835 | |
| 650 | 0 | |a Lingüística |9 265068 | |
| 650 | 0 | |a Filología |9 321245 | |
| 650 | 0 | |a Filosofía del lenguaje |9 257082 | |
| 650 | 0 | |a Gramática |9 270497 | |
| 650 | 0 | |a Investigación lingüística |9 329785 | |
| 583 | |a last modification |c 19981009 00:00:00 |k Rodrigo Vera | ||
| 490 | 0 | |a Akal Universitaria. Serie: Letras | |
| 999 | |c 276021 |d 276019 | ||
| 952 | |0 0 |1 0 |4 0 |6 410_000000000000000_ALV_1983 |7 0 |8 A |9 313122 |a FDOPOS |b FDOPOS |d 2019-11-20 |i 1464914 |o 410 ALV 1983 |p 1464914 |r 2025-01-22 |w 2019-11-20 |y BK |k MLA | ||